000
00343nam a2200145Ia 4500
003
OSt
005
20240207100749.0
008
170523s9999 xx 000 0 und d
020
_a
978-0099387817
040
_c
iimt university meerut
100
_a
RIGGS- JAMES L
245
0
_a
PRODUCTION SYSTEMS
260
_b
JOHN WILEY SONS
942
_2
ddc
_c
02
999
_c
359
_d
359